1330 1403 1678 1998 1723 1089 1217 1307 1632 1516 1644 1571 1384 1471 1062 1918 1272 1488 1537 1130 1172 1347 1608 1825 1459 1045 1045 1826 1426 1165 1105 1882 1405 1328 1856 1202 1678 1417 1202 1526 1582 1764 1186 1058 1886 1100 1307 1368 1351 1654 1153 1234 1405 1117 1894 1269 1214 1103 1623 1011 1386 1499 1094 1404 1563 1653 1915 1548 1538 1927 1309 1908 1228 1923 1173 1359 1047 1252 1726 1588 1715 1004 1126 1949 1219 1096 1070 1051 1015 1150 1910 1748 1368 1098 1656 1381 1927 1000 1940 BCNSPRNW ULIB Ver.6.0+V

เปลี่ยนเป็นภาษาไทย

Change to English
 แสดงรายละเอียดบรรณานุกรม
  กลับหน้าหลัก

Brief Record : Get Marc (ISO 2709) : E-mail record : QR code < ปิดหน้าต่าง
LEADER : 00000nam 2200000uu 4500
001    13399126481
003     ULIB
008    180920s2014||||th 000 0 tha d
020    ^a9781107642805
050    ^aPE1127.M4^bA438U
100    ^aAlison Ramage Patterson
245    ^aUnlock Listening and Speaking Skills 2 Teacher s Book /^cAlison Ramage Patterson
260    ^aLondon :^bCambridge University Press,^c2014
300    ^a143 pages;^c26 cm
650    ^aListening
650  0 ^aSpeaking
945    ^p1349^l0^i004655
999    ^aประนอม เกษจรัล
รายการนี้ยังไม่มีแท็ก
คุณยังไม่ได้ล็อกอิน คุณสามารถมีกิจกรรมร่วมกับเว็บไซต์ได้ แต่ต้องล็อกอินก่อน ::
  ล็อกอิน

รายการสื่อสารสนเทศ

ลำดับที่ ประเภท เลขเรียก/บาร์โค้ด สถานที่ สถานะ
1. การศึกษาทั่วไป
การศึกษาทั่วไป
สถานะ=หาย
PE1127.M4 A438U ฉ.1 
  Barcode: 004655
ห้องสมุดวิทยาเขตสวรรค์ประชารักษ์
►หนังสือทั่วไป
บนชั้น

รายการใกล้เคียง
    หัวเรื่อง [Listening]
    หัวเรื่อง [Speaking]

BibComment


ยังไม่เคยถูกคอมเมนท์

คอมเมนท์ทรัพยากรรายการนี้
  คอมเมนท์: Unlock Listening..


 Copyright 2026. Bcnsprnw @Library